|
|
|
|
| LEADER |
00000nab a2200000 ar4500 |
| 001 |
vtls010070674 |
| 003 |
SK-MaSNL |
| 005 |
20260304161317.0 |
| 008 |
250507c2009 xo qr|p|||||||000 b|slo |
| 015 |
|
|
|a SNBRB2010/03
|2 snkbucl
|
| 035 |
|
|
|a (uuid)b72d40bf-0f9b-4c0d-b6b9-2b6d391203f5
|
| 035 |
|
|
|a urn:nbn:sk:snk-ab9rjh
|
| 035 |
|
|
|a (urnnbn)urn:nbn:sk:snk:ar-a08q43
|
| 038 |
|
|
|a SNKBUCL
|
| 040 |
|
|
|a SNKBUCL
|b slo
|c SNKBUCL
|e AACR2
|
| 041 |
0 |
|
|a slo
|b eng
|
| 044 |
|
|
|a xo
|c SK
|
| 080 |
|
|
|a 338.439. 5/.6:338.124.4
|x (72+728)
|2 2001
|
| 080 |
|
|
|a 339.166.8:663/664
|x (72+728)
|2 2001
|
| 080 |
|
|
|a 338.5:663/664
|x (72+728)
|2 2001
|
| 080 |
|
|
|a 663/664
|x (72+728)
|2 2001
|
| 080 |
|
|
|a 338.124.4
|x (100:72+728)
|2 2001
|
| 100 |
1 |
|
|a Gavaľová, Viera
|4 aut
|9 390550
|
| 245 |
1 |
0 |
|a Vývoj cien potravín počas hospodárskej krízy v krajinách Latinskej Ameriky
|c Viera Gavaľová, Dušan Lacek
|
| 246 |
3 |
1 |
|a Developments in food prices during the economic crisis in Latin America
|
| 300 |
|
|
|b Grafy
|
| 500 |
|
|
|a Pozn. pod čiarou
|
| 504 |
|
|
|a Bibliogr. odkazy
|
| 546 |
|
|
|a Súbežný názov angl. ; res. angl.
|
| 650 |
0 |
7 |
|a globálna hospodárska kríza
|2 snkbucl
|9 182596
|
| 650 |
0 |
7 |
|a potraviny
|2 snkbucl
|9 1614
|
| 650 |
0 |
7 |
|a trh
|2 snkbucl
|9 406496
|
| 650 |
0 |
7 |
|a ceny
|2 snkbucl
|9 2113
|
| 650 |
0 |
7 |
|a potravinová inflácia
|2 snkbucl
|9 1263910
|
| 650 |
0 |
7 |
|a potravinová bezpečnosť
|2 snkbucl
|9 27838
|
| 651 |
|
7 |
|a Latinská Amerika
|2 snkbucl
|9 31844
|
| 700 |
1 |
|
|a Lacek, Dušan
|4 aut
|9 598262
|
| 773 |
0 |
|
|t Studia commercialia Bratislavensia
|g Roč. 2, č. 1 (5) (2009), s. 38-46
|x 1337-7493
|
| 850 |
|
|
|a Slovenská národná knižnica
|
| 852 |
|
|
|a Slovenská národná knižnica
|
| 954 |
|
|
|a odborná, vedecká literatúra pôvodná (slovenská)
|2 lita
|
| 958 |
|
|
|a article13
|
| 958 |
|
|
|a OND
|
| 958 |
|
|
|a NB
|
| 958 |
|
|
|a EUIPO
|
| 999 |
|
|
|c 2970659
|d 2972589
|